000 00330nam a2200133Ia 4500
008 151001s9999||||xx |||||||||||||| ||und||
100 _aदुर्गा - भागवत
245 _aपैस
250 _a1
260 _bपुणे प्रकाशन
260 _c1999
300 _a144
365 _b20
999 _c997430
_d997427